| 000 | 00478cam a22001697a 4500 | ||
|---|---|---|---|
| 008 | 180718b1997 xxu||||| |||| 00| 0 eng d | ||
| 020 | _a8125007822 | ||
| 082 | _aT347 C457 | ||
| 100 | _aChoudhury, Pran | ||
| 245 |
_aSuccessful sales promotion _cby Pran Choudhury, Ricky Elliott and Alan Toop |
||
| 260 |
_aHyderabad _bOrient Longman _c1997 |
||
| 300 | _a139p. | ||
| 650 | _aSales management | ||
| 650 | _asales promotion | ||
| 700 | _aToop, Alan | ||
| 700 | _aElliott, Ricky | ||
| 999 |
_c387751 _d387751 |
||